00769nam a2200253Ia 4500003000400000005001700004006001800021007000300039008004100042024001100083037001100094040001800105041001300123100002000136110007800156245008300234260000900317300001800326650001400344700002600358700002800384700002500412700007800437OSt20220930090228.0a|||||r|||| 00| 0ta220926b |||||||| |||| 00| 0 eng d a109042 cTheses aCRLcCRLbeng 2engaeng aAgarwal Swapnil aUniversity of Delhi. Faculty of Medical Sciences. Department of Pathology 0aExpression of vascular endothelial growth factor (VEGF) and CD-31 in psoriasis c2010 a86p.ap.ccm. aPATHOLOGY a Dr. Nita Khurana Gu. a Dr. Tejinder Singh Gu. a Dr. Vijay Kumar Gu. aUniversity of Delhi. Faculty of Medical Sciences. Department of Pathology